Normal view
MARC view
- DIGITAL SIGNAL PROCESSING
Entry Topical Term
001 - CONTROL NUMBER
- control field: 60291
003 - CONTROL NUMBER IDENTIFIER
- control field: NUST
005 - DATE AND TIME OF LATEST TRANSACTION
- control field: 20210628202522.0
008 - FIXED-LENGTH DATA ELEMENTS
- fixed length control field: 210628|| aca||aabn | a|a d
040 ## - CATALOGING SOURCE
- Original cataloging agency: NUST
- Transcribing agency: NUST
150 ## - HEADING--TOPICAL TERM
- Topical term or geographic name entry element: DIGITAL SIGNAL PROCESSING
670 ## - SOURCE DATA FOUND
- Source citation: Work cat.: (NUST): Naidu, Prabhakar .S 60290, Modern digital signal processing an introduction, 2003
